Normal view
MARC view
Entry Personal Name
001 - CONTROL NUMBER
- control field: 224135
003 - CONTROL NUMBER IDENTIFIER
- control field: OSt
005 - DATE AND TIME OF LATEST TRANSACTION
- control field: 20250729165441.0
008 - FIXED-LENGTH DATA ELEMENTS
- fixed length control field: 250729|| aca||aabn | a|a d
040 ## - CATALOGING SOURCE
- Original cataloging agency: OSt
- Transcribing agency: OSt
100 ## - HEADING--PERSONAL NAME
- Personal name: ಕೊಂಗವಾಡ ಎನ್ ಬಿ
670 ## - SOURCE DATA FOUND
- Source citation: Work cat.: (OSt)236261: ಕೊಂಗವಾಡ ಎನ್ ಬಿ, ಭಾರತದಲ್ಲಿ ಶಿಕ್ಶಣ ಮತ್ತು ಪ್ರಚಲಿತ ಸಮಸ್ಯೆಗಳು, 2003